| 000 | 01195cam a22004215a 4500 | ||
|---|---|---|---|
| 001 | L158206 | ||
| 008 | 141015s2000 xxk f 000 0 eng d | ||
| 020 | _a0333792203 | ||
| 035 | _a(Sirsi) u158206 | ||
| 041 | _aeng | ||
| 050 |
_a333.332 _c18 |
||
| 100 | _aIsaac, David | ||
| 245 | _aProperty valuation techniques | ||
| 250 | _a2 ed | ||
| 260 |
_aLondon _bMacMillan _c2000 |
||
| 300 |
_axii, 219p. _c24cm. |
||
| 490 | _aMacmillan Building and Surveying Series | ||
| 520 | _aAn introduction to alternative techniques for the valuation and analysis of property investments. | ||
| 520 | _aSuperseded by third edition (ISBN 0333792203). | ||
| 650 | _aCOMPUTERS | ||
| 650 | _aDEVELOPMENT VALUATIONS | ||
| 650 | _aDISCOUNTED CASH FLOW | ||
| 650 | _aEQUATED RENTS | ||
| 650 | _aEQUATED YIELDS | ||
| 650 | _aEQUIVALENT YIELDS | ||
| 650 | _aFINANCIAL APPRAISAL TECHNIQUES | ||
| 650 | _aHARDCORE METHOD | ||
| 650 | _aINTEREST RATES | ||
| 650 | _aLEASEHOLD VALUATIONS | ||
| 650 | _aRENT | ||
| 650 | _aRISK | ||
| 650 | _aYIELDS | ||
| 651 | 4 | _aENGLAND AND WALES | |
| 690 | _aFinance and taxation | ||
| 700 | _aSteley, Terry | ||
| 942 | _n0 | ||
| 948 | _c04/03/1997 | ||
| 999 |
_c115201 _d115201 |
||